000 00312nam a22001337a 4500
020 _a978-93-537815-7-6
082 _a001
_bBOO/G
100 _aBOOK FORD
245 _aGREAT SPORTS PERSONS
_bSHORT BIOGRAPHY
260 _aNEW DELHI
_bBOOK FORD PUBLICATIONS
300 _a48
520 _aGREAT PERSONS
942 _cBK
999 _c6859
_d6859